|
|
|
|
| LEADER |
00863nam a22002171 4500 |
| 001 |
c000205762 |
| 003 |
CARM |
| 005 |
20021125002000.0 |
| 008 |
851211s1967 cau 0 eng d |
| 019 |
1 |
|
|a 653701
|z 4162468
|5 LACONCORD2021
|
| 035 |
|
|
|a (OCoLC)783372
|5 LACONCORD2021
|
| 100 |
1 |
|
|a Lewis, John D.,
|
| 245 |
1 |
0 |
|a Anti-Federalists versus federalists /
|c selected documents. Ed. by J.D.Lewis.
|
| 260 |
|
|
|a San Fran. :
|b Chandler,
|c 1967.
|
| 440 |
|
0 |
|a Chandler publications in political science
|
| 610 |
1 |
0 |
|a United States.
|t Constitution.
|
| 651 |
|
0 |
|a United States
|x Politics and government
|y 1783-1865.
|
| 852 |
8 |
|
|b CARM
|h A2:AP20A0
|i B06666
|p 0307160
|f BK
|
| 082 |
0 |
4 |
|a 342.73
|
| 999 |
f |
f |
|i 725b9c43-6478-5ad7-bb8e-144d4ff93473
|s e559845c-ca9f-5e77-a625-907f8a8e8898
|
| 952 |
f |
f |
|p Can circulate
|a CAVAL
|b CAVAL
|c CAVAL
|d CARM 1 Store
|e B06666
|f A2:AP20A0
|h Other scheme
|i book
|m 0307160
|